The city beautiful/A celebration of the architectural heritage and city-aesthetics of Bangalore (Record no. 10690)
[ view plain ]
| 000 -LEADER | |
|---|---|
| fixed length control field | 00357nam a2200121 4500 |
| 003 - CONTROL NUMBER IDENTIFIER | |
| control field | OSt |
| 005 - DATE AND TIME OF LATEST TRANSACTION | |
| control field | 20220518135025.0 |
| 008 - FIXED-LENGTH DATA ELEMENTS--GENERAL INFORMATION | |
| fixed length control field | 220518b ||||| |||| 00| 0 eng d |
| 082 ## - DEWEY DECIMAL CLASSIFICATION NUMBER | |
| Classification number | 720.9548 |
| 245 ## - TITLE STATEMENT | |
| Title | The city beautiful/A celebration of the architectural heritage and city-aesthetics of Bangalore |
| 260 ## - PUBLICATION, DISTRIBUTION, ETC. (IMPRINT) | |
| Name of publisher, distributor, etc | Bangalore urban art commission |
| 942 ## - ADDED ENTRY ELEMENTS (KOHA) | |
| Source of classification or shelving scheme | |
| Withdrawn status | Lost status | Source of classification or shelving scheme | Damaged status | Koha normalized classification for sorting | Not for loan | Permanent location | Current location | Date acquired | Total Checkouts | Total Renewals | Full call number | Barcode | Date last seen | Date last borrowed | Koha item type | Price effective from |
|---|---|---|---|---|---|---|---|---|---|---|---|---|---|---|---|---|
| 720_954800000000000 | BMS College of Architecture, Design and Planning | BMS College of Architecture, Design and Planning | 2022-11-09 | 3 | 2 | 720.9548 | AR-DB198 | 2026-04-09 | 2026-03-26 | Donated Book | ||||||
| 720_954800000000000 | BMS College of Architecture, Design and Planning | BMS College of Architecture, Design and Planning | 2022-11-09 | 3 | 720.9548 | AR-DB197 | 2026-03-27 | 2026-03-26 | Donated Book | 2022-11-09 |